Statistics for NBA Players from Iowa State

Click here to take the quiz!

General Stats

  • This quiz has been taken 6 times
  • The average score is 13 of 33

Answer Stats

PositionPlayerDraft Year% Correct
GMatt Thomas2017
100%
FGeorges Niang2016
100%
GMonte Morris2017
100%
GFred Hoiberg1995
83%
FDeonte Burton2017
83%
PGNaz Mitrou-Long2017
83%
PFRoyce White2012
67%
PGJamaal Tinsley2001
67%
SFAbdel Nader2016
67%
GChris Babb2013
50%
SFTalen Horton-Tucker2019
50%
FMarial Shayok2019
50%
FCraig Brackins2010
50%
FMarcus Fizer2000
33%
SFSam Mack1992
33%
GFJeff Grayer1988
33%
GBryce Dejean-Jones2015
33%
SGJeff Hornacek1986
33%
GFWesley Johnson2010
33%
GWill Blalock2006
17%
FCJackson Vroman2004
17%
PFPaul Shirley2001
17%
CKelvin Cato1997
17%
GDedric Willoughby1997
17%
FCLoren Meyer1995
17%
PFVictor Alexander1991
17%
GFBarry Stevens1985
17%
FCZaid Abdul-Aziz1968
17%
SGDiante Garrett2011
0%
PGMike Taylor2008
0%
CJustin Hamilton2012
0%
GFStacey Arceneaux1961
0%
GFPrice Brookfield1947
0%

Score Distribution

Percentile by Number Answered

Percent of People with Each Score

Your Score History

You have not taken this quiz